000 01221nam0a22002531 4500
001 rc\643323
005 20250621194426.0
035 _a(NLR Aleph) 005884416
090 _a6111877
_c6111877
100 _a20031121d1986 |||y0rusy50 ca
101 0 _arus
102 _aRU
105 _ay |||||||||
200 1 _aУчастие трудовых коллективов в управлении машиностроительным производством
_e[Учеб. пособие для слушателей заоч. курсов повышения квалификации ИТР по экономике, планир. и орг. машиностроит. пр-ва]
_fЦентр. правл. НТО машиностроит. пром-сти, Ун-т техн. прогресса в машиностроении
210 _aМ.
_cМашиностроение
_d1986
215 _a35, [4] с.
_d22
320 _aБиблиогр.: с. 38 (9 назв.)
700 1 _aПотрубач
_bН.Н.
_gНиколай Николаевич
701 1 _aПотрубач
_bА.Н.
_gАнна Николаевна
801 0 _aRU
_bNLR
_gpsbo
801 1 _aRU
_bELAR
_2rusmarc
852 _aNLR
_j86-6/5388
942 _cBOOK
980 _aNB